ELF electromagnetic fields and the risk of cancer - report of an Advisory Group on Non-ionising radiation. (Record no. 101239)

MARC details
000 -LEADER
fixed length control field 00726cam a2200241 4500
008 - FIXED-LENGTH DATA ELEMENTS--GENERAL INFORMATION
fixed length control field 000000n2001 000 0 eng u
020 ## - INTERNATIONAL STANDARD BOOK NUMBER
International Standard Book Number 0859514560
035 ## - SYSTEM CONTROL NUMBER
System control number (Sirsi) u111394
050 ## - LIBRARY OF CONGRESS CALL NUMBER
Classification number 614.836
100 ## - MAIN ENTRY--PERSONAL NAME
Personal name Doll, Richard
-- Chairman
110 ## - MAIN ENTRY--CORPORATE NAME
Corporate name or jurisdiction name as entry element National Radiological Protection Board
9 (RLIN) 241
245 ## - TITLE STATEMENT
Title ELF electromagnetic fields and the risk of cancer - report of an Advisory Group on Non-ionising radiation.
260 ## - PUBLICATION, DISTRIBUTION, ETC.
Place of publication, distribution, etc. Didcot, Oxon,NRPB
Date of publication, distribution, etc. 2001
300 ## - PHYSICAL DESCRIPTION
Extent 179p. ; 24p.
350 ## - PRICE (NR) (BK AM CF MU VM SE) [OBSOLETE]
Price 30.00
490 ## - SERIES STATEMENT
Series statement NRPB
Volume/sequential designation 12 1 2001
650 ## - SUBJECT ADDED ENTRY--TOPICAL TERM
Topical term or geographic name entry element ELECTROMAGNETIC FIELDS
650 ## - SUBJECT ADDED ENTRY--TOPICAL TERM
Topical term or geographic name entry element ELECTRICAL APPLIANCES
650 ## - SUBJECT ADDED ENTRY--TOPICAL TERM
Topical term or geographic name entry element CANCER
650 ## - SUBJECT ADDED ENTRY--TOPICAL TERM
Topical term or geographic name entry element HEALTH RISKS
690 ## - LOCAL SUBJECT ADDED ENTRY--TOPICAL TERM (OCLC, RLIN)
Topical term or geographic name as entry element Health and safety
9 (RLIN) 6244
942 ## - ADDED ENTRY ELEMENTS (KOHA)
Suppress in OPAC 0
Holdings
Withdrawn status Lost status Source of classification or shelving scheme Damaged status Not for loan Home library Current library Shelving location Date acquired Cost, normal purchase price Total Checkouts Full call number Barcode Date last seen Date last checked out Copy number Cost, replacement price Price effective from Koha item type
    Dewey Decimal Classification     London London Books 28/03/2001 33.00 1 614.836 NAT 30063942 06/08/2019 08/04/2002 1 33.00 06/08/2019 Book